| 000 | 00317 a2200133 4500 | ||
|---|---|---|---|
| 001 | 87600 | ||
| 082 | _aN-3589 | ||
| 090 |
_c41055 _d41055 |
||
| 100 | _aTajamul, Dr | ||
| 245 |
_acircuit theory [cd] _pCAE4 Cds set _bPHY301 |
||
| 260 |
_aLahore _b2005 _cVirtual University |
||
| 500 | _aCD/DVD | ||
| 520 | _avideo library | ||
| 942 |
_aCAE NUST _kN-3589 |
||
| 999 |
_c322673 _d322673 |
||